| 000 | 00384nam a22001457a 4500 | ||
|---|---|---|---|
| 999 |
_c535664 _d535664 |
||
| 020 | _a978-3-319-17842-4 | ||
| 040 | _cMSOHAIL | ||
| 082 |
_a624.25 _bBAK |
||
| 100 |
_aBaidar Bakht and Aftab Mufti _930396 |
||
| 245 | _aBridges: Analysis, Design, Structural Health Monitoring, and Rehabilitation | ||
| 250 | _a2nd | ||
| 260 |
_bSpringer _c2015 |
||
| 300 | _a425;p | ||
| 942 |
_2ddc _cBK |
||